| 000 | 00341nam a2200133Ia 4500 | ||
|---|---|---|---|
| 008 | 240624s9999 xx 000 0 und d | ||
| 041 | _aeng | ||
| 082 | _a658 CRA | ||
| 100 | _aCRAINER STUART | ||
| 245 | _aCORPORATE MAN TO CORPORATE SKUNK THE TOM | ||
| 260 |
_c1997 _aOxford _bCapstone |
||
| 300 | _axvi, : 304 : p. : cm. ; 23 | ||
| 365 |
_c _b35 |
||
| 999 |
_c8173 _d8173 |
||